000 00642nas a2200229 4500
001 BR9504865
003 BR-BrBNA
005 20231205094140.0
007 ta
008 230509b bl.|||p| |||| 00| 00por d
040 _aBR-BrBNA
_bpor
_cBiblioteca Nacional de Agricultura
041 _a(Pt)
072 _aF04; P40
100 1 _aMoraes, L.A.H. de
245 1 _aClima e solo para o pessegueiro
650 _aPessego
650 _aClima
650 _aFertilidade do Solo
773 0 _tIPAGRO Informa (Brazil)
_xISSN 0100-3410
_g(Oct 1988), no. 31 p. 35-36
_wBR9504865
909 _a202311
_bLúcia
_c55
_dLúcia Elande
942 _2AGRIS
_n0
_cANA
999 _c142362
_d142362